Quizzes
Events
Quiz Creation
Community
Videos
Private Events
Remove Ads
Sign In
Join for FREE
Feedback
Dark Mode
Quiz Categories
Sports
Geography
Music
Movies
Television
Just For Fun
Miscellaneous
History
Literature
Language
Science
Gaming
Entertainment
Religion
Holiday
For Kids
Quiz Lab
Recent
Popular Today
Quiz Kudos Today
Editor Picks
Curator Picks
Quizzes by...
Day
Popularity
Type
Ratings
Length
Year
Community
Subscriptions
Recent Discussions
Orange Saloon
Badges
Playlists
Quests
Create
Leaderboards
Showdown
Live 5
Trivia Bingo
Activity
Puzzle Library
Sporcle Events
Private Events
Virtual Trivia
Globe League
Become a Host
Pub Owners
SporcleCon
Opinionation
Our Games
Videos
Blog
Mobile Apps
Partnerships
Remove Ads and Go Orange
Feedback
Sports
Athletes
MLB
NBA
NHL
NFL
Soccer
Sports Teams
WWE
NCAA
Football
Premier League
Basketball
Baseball
Hockey
Golf
Tennis
Cricket
Rugby
Auto Racing
Olympics
World Cup
Sports
Athletes
MLB
NBA
NHL
NFL
Soccer
Sports Teams
WWE
NCAA
Football
Premier League
Basketball
Baseball
Hockey
Golf
Tennis
Cricket
Rugby
Auto Racing
Olympics
World Cup
Random Quiz
Search Sporcle
×
Quiz Lab
Quiz Lab
Sports
Numbers
Type in answers that appear in a list
Type in answers that appear in a list
Classic
Best Score? Go Orange.
The WWE IYH PPV Subtitles Stats
Can you name the WWE In Your House PPV subtitles?
By
aworldsobright
13m
22 Questions
705 Plays
705 Plays
705 Plays
Comments
Comments
Give Quiz Kudos
Give Quiz Kudos
-
- Ratings
hide this ad
Replay
Link that replays current quiz
Next Quiz
Link to next quiz in quiz playlist
You Got
0%
They Got
Avg Score
71%
Avg Friend Score
Upgrade to see
Score Distribution
Jump to the score distribution portion of the page
Score
0/22
Timer
13:00
0
Plays Today
Number/ date
Event Subtitle
% Correct
18 (October 1997)
Badd Blood
83.8%
19 (December 1997)
DeGeneration X
83.7%
20 (February 1998)
No Way Out
80%
8 (May 1996)
Beware of Dog
78.4%
28 (April 1999)
Backlash
78%
10 (September 1996)
Mind Games
77.8%
16 (July 1997)
Canadian Stampede
77.3%
27 (February 1999)
St. Valentine's Day Massacre
76.4%
7 (April 1996)
Good Friends Better Enemies
73.3%
13 (February 1997)
Final Four
72.9%
22 (May 1998)
Over the Edge
72.4%
Number/ date
Event Subtitle
% Correct
26 (December 1998)
Rock Bottom
71.2%
11 (October 1996)
Buried Alive
70.2%
25 (October 1998)
Judgment Day
67.6%
21 (April 1998)
Unforgiven
67.5%
23 (July 1998)
Fully Loaded
67.2%
17 (September 1997)
Ground Zero
65.6%
24 (September 1998)
Breakdown
65.1%
15 (May 1997)
A Cold Day in Hell
64.3%
14 (April 1997)
Revenge of the Taker
59.4%
9 (July 1996)
International Incident
58.7%
12 (December 1996)
It's Time
53%
Quiz Playlist
Details
Report
Send in Message
Add To Playlist
Classic:
Type in answers that appear in a list
Last Updated: Feb 8, 2019
Quiz Scoreboard
CHALLENGE
Sign Up to Join the Scoreboard
Show All
Scores
Hide
Comments
May contain spoilers
Recently Published
Movies - When Are They Set?
by FPL_Elf
Movies
5m
Popular People in 1961
by mucciniale
History
6m
1-10 Letter E Words III
by El_Dandy
Language
2m
More to Explore
Quiz From the Vault
Featured Blog Post
Where Did the Easter Bunny Come From?
hide this ad
You Might Also Like...
Tags
Numbers Quiz
WWE Quiz
Event
house
month
PPV
subtitle
Today's Top Quizzes in Sports
Browse Sports
hide this ad
Today's Top Quizzes in Numbers
Browse Numbers
Top Contributed Quizzes in Sports
1
Les meilleurs buteurs des matchs entre le PSG et l’OM
2
Les entraîneurs de l'OM et du PSG au 21e siècle
3
FIFA Club World Cup Champions
4
2022 World Cup Stars
5
Name the Premier League winners with different clubs
6
La finale Lions - Afrique du Sud 2021
7
Criteria MLB: Left Handed Sluggers
8
Players with Multiple 50 Home Run Seasons
9
MLB Players with Two .350 Batting Average Seasons
10
MLB Hall of Famer by Rings
Explore More
Trending Topics
Anime
Harry Potter
NBA
Crossword
Kpop
Marvel
Disney
Pokémon
Country
The Office
Puzzle
NFL
Soccer
Song
WWE
hide this ad
More By:
aworldsobright
Quiz
Plays
Rating
Category
Featured
Created
Bruce Springsteen's Ladies
2,854
4.50
Music
Oct 13, 2009
Five Different Songs, One Artist In Common (clip)
1,029
5.00
Music
Aug 11, 2023
Sporcle Categories (Taylor's Version)
870
5.00
Music
Jul 17, 2023
The WWE IYH PPV Subtitles
705
4.00
Sports
Sep 28, 2009
Top 40 Hits 3+ Years After Original Release (clip)
703
4.94
Music
Oct 23, 2023
Go to Creator's Profile
Score Distribution
Quiz Creator Spotlight
aworldsobright
Follow
Send a Message
Quizzes Created
-
Created Quiz Play Count
-
More By This Creator
Popular Quizzes Today
1
Find the US States - No Outlines Minefield
2
Find the Countries of Europe - No Outlines Minefield
3
The Countries of the World
4
Popular People in 1961
5
1-10 Letter E Words III
6
US States
7
Find the US States
8
One Thing in Common: World Cities II
More Sports Quizzes
NBA 2000+ Playoff Points
Published
Trending Quizzes
Risky Map Clicking: Least Populous States A-Z
1-10 Letter F Words
1-10 Letter G Words
One Thing in Common: United Kingdom
Risky Map Clicking: Next State Alphabetically
Recently Updated
Leaping Animals
pecheneg
Reality TV Shows (A-Z)
bhenderson79
Rickey Henderson's Hall of Fame Teammates
pecheneg
Champions League XIs: Arsenal
pecheneg
Quick Pick: Celebrities in WWE's Hall of Fame
aduchscher
A-Z Keypad Blitz II
pecheneg
Multiple Oscar Actors
pecheneg
Mystery Phrase Blitz: Oscar 'Best Actors'
pecheneg
F. Scott Fitzgerald Novels
LTH
Pick 3 Villains
ddd62291
Trending Topics
Crossword
Kpop
Disney
NBA
Anime
Harry Potter
Marvel
WWE
Puzzle
NFL
The Office
Soccer
Song
Country
Pokémon
Your Account Isn't Verified!
In order to create a playlist on Sporcle, you need to verify the email address you used during registration. Go to your
Sporcle Settings
to finish the process.
Report this User
Report this user for behavior that violates our
Community Guidelines
.
Details:
Send Report
Go to the Sporcle.com Mobile Site →
Comments